Texas Quiz by Letter - C - Statistics

General Stats
  • This quiz has been taken 15 times
  • The average score is 7 of 10
Answer Stats
Question Answer % Correct
NFL team in Dallas Cowboys
93%
Fought at the Battle of the Alamo and is known as the "King of the Wild Frontier" Davy Crockett
93%
Coastal city known for its beach, Texas State Aquarium, and the USS Lexington musuem Corpus Christi
87%
Legendary creature in Texas folklore that is often described as a hairless dog-like creature Chupacabra
73%
This college town is home to Texas A&M University College Station
73%
Most grown crop in Texas Cotton
73%
What is the biggest desert in Texas? Chihuahuan Desert
47%
What is the state dish? Chili
47%
Major tubing river located outside of San Antonio in New Braunfels Comal River
40%
What is the mascot of the San Antonio Spurs? The Coyote
27%
No matching quizzes found
Score Distribution
Percent of People with Each Score
Percentile by Number Answered
Your Score History
You have not taken this quiz